Представление документа в формате RUSMARC

ПолеНазваниеЗначение
  Тип записи a
  Библиографический уровень a
001 Контрольный номер RU/CBS_Ul/BASE/487768448
005 Дата корректировки 20240209175148.7
100 Данные общей обработки __
a Данные общей обработки 20150616d2015 ||| 0rusy0189 ca
101 Язык документа 0_
a Язык текста rus
102 Страна публикации __
a Страна публикации RU
105 Кодированные данные (монография) __
a Кодированные данные (монография) y###||||000|y
200 Заглавие и сведения об ответственности 1_
a Заглавие Касимов: сплав легенды и были
b Общее обозначение материала Текст
e Сведения, относящиеся к заглавию [история города Касимова и посёлка Гусь-Железный Рязанской области]
f Первые сведения об ответственности Н. Кривцов
300 Общие примечания __
a Общие примечания Ограничения по возрасту - 12+
461 Уровень набора _0
1 2000
a Бумеранг
463 Уровень физической единицы _0
1 001RU/CBS_Ul/BASE/487330748
1 2000
a № 6
v С. 32-35 : фото
1 210
d 2015
600 Персоналии _0
a Персоналии (Фамилия) Баташёв
b Персоналии (Имя, инициалы) А.Р.
600 Персоналии _0
a Персоналии (Фамилия) Сююмбике
606 Тематические рубрики 0_
a Основная рубрика Рязанская губерния - История
y Географическая подрубрика Касимов, город (Рязанская область)
y Географическая подрубрика Гусь-Железный, поселок городского типа (Рязанская область)
y Географическая подрубрика Рязанская губерния
610 Ключевые слова 0_
a Ключевые слова Орлиное гнездо (дворянские усадьбы)
a Ключевые слова мусульманские памятники
a Ключевые слова оружейники
a Ключевые слова мечети
a Ключевые слова заводчики
a Ключевые слова касимовские усыпальницы
686 Индексы других классификаций __
a Классификационный индекс 63.3(2Рос235.4)
2 Код системы ББК
700 Автор _1
a Фамилия Кривцов
b Имя (инициалы) Н.
g Полное личное имя Никита
801 Источник записи _0
a Страна RU
b Организация МБУК ЦБС г. Ульяновска
c Дата составления 20150616
g Правила каталогизации RCR
801 Источник записи _1
a Страна RU
b Организация МБУК ЦБС г. Ульяновска
c Дата составления 20150616
g Правила каталогизации RCR
901 Тип документа __
t Тип документа b
w Контрольный № источника RU/CBS_Ul/BASE/487330748
910 Корректоры записи __
a Корректор записи Библиотека 29
938 Служебная информация __
a Имя БД period